| 000 | 00929nam a2200229 a 4500 | ||
|---|---|---|---|
| 999 |
_c10760 _d10760 |
||
| 001 | 10760 | ||
| 003 | BD-JhCC | ||
| 005 | 20190523134006.0 | ||
| 008 | 180905s2011 bg a|||| |||| 000 0 ben d | ||
| 020 | _a9789848980224 | ||
| 035 | _a(BD-JhCC)10760 | ||
| 040 |
_aBD-JhCC _dBD-JhCC |
||
| 041 | _aben | ||
| 082 |
_a005.432 _bROH 2011 |
||
| 100 | _aরহমান, মাহবুবুর | ||
| 245 |
_aউবুন্তু (ubuntu) : _bওপেন সোর্সভিত্তিক লিনাক্স অপারেটিং সিস্টেম / _cমাহবুবুর রহমান, |
||
| 260 |
_aঢাকা : _bসিসটেক পাবলিকেশন্স লিমিটেড, _c২০১১. |
||
| 300 |
_a৩৪৪ পৃ. : _bচিত্রবলী, _c২৪ সেমি. |
||
| 650 |
_aLinux _xOperating systems (Computers) |
||
| 650 | _aUbuntu (Electronic resource) | ||
| 942 |
_2ddc _cBK _04 |
||